<?xml version='1.0' encoding='UTF-8'?>
  <record xmlns="http://www.loc.gov/MARC21/slim">
    <leader>00000cam a2200000 i 4500</leader>
    <controlfield tag="001">ocm64108285</controlfield>
    <controlfield tag="003">OCoLC</controlfield>
    <controlfield tag="005">20241207094155.8</controlfield>
    <controlfield tag="008">850108s1822    ne            000 0 dut d</controlfield>
    <datafield tag="040" ind1=" " ind2=" ">
      <subfield code="a">NLGGC</subfield>
      <subfield code="b">dut</subfield>
      <subfield code="e">fobidrtb</subfield>
      <subfield code="c">NLGGC</subfield>
      <subfield code="d">BEATB</subfield>
      <subfield code="d">OCLCQ</subfield>
      <subfield code="d">OCLCO</subfield>
      <subfield code="d">OCLCL</subfield>
      <subfield code="d">OCLCQ</subfield>
    </datafield>
    <datafield tag="029" ind1="0" ind2=" ">
      <subfield code="a">NLGGC</subfield>
      <subfield code="b">850088992</subfield>
    </datafield>
    <datafield tag="035" ind1=" " ind2=" ">
      <subfield code="a">(OCoLC)64108285</subfield>
    </datafield>
    <datafield tag="041" ind1="1" ind2=" ">
      <subfield code="a">dut</subfield>
      <subfield code="h">fre</subfield>
      <subfield code="h">eng</subfield>
    </datafield>
    <datafield tag="100" ind1="1" ind2=" ">
      <subfield code="a">Macleod, John,</subfield>
      <subfield code="d">ca. 1777-1820.</subfield>
    </datafield>
    <datafield tag="245" ind1="1" ind2="0">
      <subfield code="a">Afrika, of Geschiedenis, zeden, gewoonten en gebruiken der Afrikanen van Dahomeij (Guinea) /</subfield>
      <subfield code="c">J. M'Leod ; vert. uit het Fransche van Eduard Gauttier ; [naar het Engels].</subfield>
    </datafield>
    <datafield tag="260" ind1=" " ind2=" ">
      <subfield code="a">Amsterdam :</subfield>
      <subfield code="b">Visser en comp.,</subfield>
      <subfield code="c">1822.</subfield>
    </datafield>
    <datafield tag="300" ind1=" " ind2=" ">
      <subfield code="a">x, 99 p. :</subfield>
      <subfield code="b">Met pl., gegrav. tit. en vign. ;</subfield>
      <subfield code="c">23 cm</subfield>
    </datafield>
    <datafield tag="510" ind1="4" ind2=" ">
      <subfield code="a">Saakes 7 (1822),</subfield>
      <subfield code="c">p. 356</subfield>
    </datafield>
    <datafield tag="651" ind1=" " ind2="4">
      <subfield code="a">West Afrika</subfield>
      <subfield code="0">(BE-AnANE)a::91.66:1</subfield>
    </datafield>
    <datafield tag="651" ind1=" " ind2="4">
      <subfield code="a">Benin</subfield>
      <subfield code="0">(BE-AnANE)a::91.668.2:1</subfield>
    </datafield>
    <datafield tag="650" ind1=" " ind2="7">
      <subfield code="a">travelogs</subfield>
      <subfield code="2">aat</subfield>
      <subfield code="0">(BE-AnANE)a::aat.10212:1</subfield>
    </datafield>
    <datafield tag="700" ind1="1" ind2=" ">
      <subfield code="a">Gauttier du Lys d'Arc, Louis Edouard,</subfield>
      <subfield code="d">1799-1843.</subfield>
      <subfield code="1">https://id.oclc.org/worldcat/entity/E39PBJmp9gQdTMcQvMxmgymGHC</subfield>
    </datafield>
    <datafield tag="710" ind1="2" ind2=" ">
      <subfield code="a">Visser en comp. (Amsterdam)</subfield>
      <subfield code="4">prt</subfield>
    </datafield>
    <datafield tag="758" ind1=" " ind2=" ">
      <subfield code="a">Afrika, of Geschiedenis, zeden, gewoonten en gebruiken der Afrikanen, van Dahomeij (Guinea) (Text)</subfield>
      <subfield code="1">https://id.oclc.org/worldcat/entity/E39PCGwXTmTYhPRJktpwQ78Jym</subfield>
      <subfield code="4">https://id.oclc.org/worldcat/ontology/hasWork</subfield>
    </datafield>
    <datafield tag="765" ind1="0" ind2=" ">
      <subfield code="t">Afrique, ou Histoire, moeurs, usages et coutumes des Africains, Dahomey, Guinée,</subfield>
      <subfield code="d">1821</subfield>
    </datafield>
    <datafield tag="776" ind1="0" ind2=" ">
      <subfield code="t">Afrika, of Geschiedenis, zeden, gewoonten en gebruiken der Afrikanen van Dahomeij (Guinea)</subfield>
      <subfield code="w">(NL-LeOCL)354710087</subfield>
      <subfield code="w">(OCoLC)825820958</subfield>
    </datafield>
    <datafield tag="787" ind1="0" ind2="8">
      <subfield code="i">Oorspr. titel:</subfield>
      <subfield code="t">A voyage to Africa,</subfield>
      <subfield code="d">1820</subfield>
    </datafield>
    <datafield tag="936" ind1=" " ind2=" ">
      <subfield code="a">BATCHLOAD</subfield>
    </datafield>
  </record>